| 000 | 00335 a2200133 4500 | ||
|---|---|---|---|
| 999 |
_c324975 _d324975 |
||
| 001 | 89902 | ||
| 003 | NUST | ||
| 082 | _a823.912 BLY | ||
| 100 |
_aBlyton Grid _99900 |
||
| 245 |
_aThe family at red roofs _cGrid Blyton _hEnglish |
||
| 260 |
_aLondon _bAward Publication _c2010 |
||
| 300 | _a256p. | ||
| 500 | _aGeneral Books | ||
| 942 |
_aCAE NUST _cBK _k823.912 BLY _2ddc |
||